Biblioteca

Los nueve libros de la historia / Heródoto de Halicarnaso ; P. Bartolomé Pou, Traductor (Registro nro. 40737)

Detalles MARC
000 -LÍDER
Campo fijo de descripción fija 003610000a22001330004500
020 ## - NÚMERO INTERNACIONAL NORMALIZADO PARA LIBROS
Número Internacional Normalizado del libro 84-7082-101-6
041 0# - CÓDIGO DE IDIOMA
Código de idioma para texto/pista de sonido o título separado
082 04 - NÚMERO DE CLASIFICACIÓN DECIMAL DEWEY
Número de clasificación G 938 H172n
001 - NÚMERO DE CONTROL
Campo de control 11428
100 1# - ASIENTO PRINCIPAL--NOMBRE PERSONAL
Nombre personal Heródoto de Halicarnaso
245 10 - TÍTULO
Título del Material Los nueve libros de la historia / Heródoto de Halicarnaso ; P. Bartolomé Pou, Traductor
260 ## - PUBLICACIÓN, DISTRIBUCIÓN, ETC. (PIE DE IMPRENTA)
Lugar de publicación, distribución, etc. Barcelona, España : Iberia
942 ## - TIPO DE MATERIAL (KOHA)
Tipo de Item KOHA Libros General
Existencias
Estado de Material Estado de Perdido Volumen-Parte/Tomo Estado de Dañado No para Préstamo Colección Tomo Biblioteca de Origen Biblioteca Permanente Fecha de Adquisición Total de Préstamos Signatura Topográfica Código de Barras Última vez visto Ejemplar/Existencia Fecha de Remplazo Tipo de Material
    1     Colección General   Biblioteca FUSBC Biblioteca FUSBC 27/01/2005   G 938 H172n 11080 12/12/2019 1 26/01/2016 Libros General
    2     Colección General   Biblioteca FUSBC Biblioteca FUSBC 27/01/2005   G 938 H172n 11081 12/12/2019 1 26/01/2016 Libros General

Biblioteca FUSBC | Teléfono: (57+4) 349 88 10 Ext. 141| WhatsApp (+57) 3005338115 
E-mail: biblioteca@unisbc.edu.co | Calle 76 87-14 Robledo Palenque, Medellín, Colombia

Con tecnología Koha